Tributes of loving memory to Elnathan Elisha Higbee, (Record no. 19536)

MARC details
000 -LEADER
fixed length control field 01102cam a22002651 4500
001 - CONTROL NUMBER
control field e 13001339
003 - CONTROL NUMBER IDENTIFIER
control field DLC
005 - DATE AND TIME OF LATEST TRANSACTION
control field 20260227111200.0
007 - PHYSICAL DESCRIPTION FIXED FIELD--GENERAL INFORMATION
fixed length control field cr_|||||||||||
008 - FIXED-LENGTH DATA ELEMENTS--GENERAL INFORMATION
fixed length control field 760809s1890 pau 000 0 eng
010 ## - LIBRARY OF CONGRESS CONTROL NUMBER
LC control number e 13001339
035 ## - SYSTEM CONTROL NUMBER
System control number (OCoLC)2360455
040 ## - CATALOGING SOURCE
Original cataloging agency DLC
Transcribing agency PMilS
Modifying agency DLC
042 ## - AUTHENTICATION CODE
Authentication code premarc
050 00 - LIBRARY OF CONGRESS CALL NUMBER
Classification number LA2317.H55
Item number T7
245 00 - TITLE STATEMENT
Title Tributes of loving memory to Elnathan Elisha Higbee,
Remainder of title for nearly nine years state superintendent of public instruction of Pennsylvania, with biographical sketch and selections from his writings in prose and verse ...
260 ## - PUBLICATION, DISTRIBUTION, ETC.
Place of publication, distribution, etc. Lancaster, Pa.,
Name of publisher, distributor, etc. Pennsylvania school journal,
Date of publication, distribution, etc. 1890.
300 ## - PHYSICAL DESCRIPTION
Extent iv, [5]-160 p., 1 l.
Other physical details front. (port.)
Dimensions 25 cm.
500 ## - GENERAL NOTE
General note Lettered on cover: Dr. Higbee memorial volume.
500 ## - GENERAL NOTE
General note The R. Theodore Bixlers' Collection of Lancaster Authors.
530 ## - ADDITIONAL PHYSICAL FORM AVAILABLE NOTE
Additional physical form available note Also available in digital form on the Internet Archive Web site.
600 10 - SUBJECT ADDED ENTRY--PERSONAL NAME
Personal name Higbee, Elnathan Elisha,
Dates associated with a name 1830-1889.
700 1# - ADDED ENTRY--PERSONAL NAME
Personal name Higbee, Elnathan Elisha,
Dates associated with a name 1830-1889.
856 41 - ELECTRONIC LOCATION AND ACCESS
Uniform Resource Identifier <a href="http://hdl.loc.gov/loc.gdc/scd0001.00217218378">http://hdl.loc.gov/loc.gdc/scd0001.00217218378</a>

No items available.

Powered by Koha